Fußballvereine aus den europäischen Hauptstädten - Statistiken

Allgemein
  • Dieses Quiz wurde 140 mal gespielt
  • Das Durchschnittsergebnis liegt bei 24 aus 50
Antwortstatistiken
Land Verein % Korrekt
Spanien Real Madrid
98%
Deutschland Union Berlin
96%
England FC Chelsea
95%
Italien AS Rom
94%
Frankreich Paris Saint-Germain
94%
Niederlande Ajax Amsterdam
93%
Spanien Atletico Madrid
93%
England FC Arsenal
92%
Portugal Benfica Lissabon
90%
Italien Lazio Rom
88%
Portugal Sporting Lissabon
86%
England Tottenham Hotspur
84%
Frankreich FC Paris
77%
Tschechien Sparta Prag
73%
Österreich Rapid Wien
70%
Österreich Austria Wien
67%
Tschechien Slavia Prag
66%
Schweiz Young Boys Bern
66%
Griechenland AEK Athen
65%
England West Ham United
64%
Dänemark FC Kopenhagen
62%
Polen Legia Warschau
61%
England Crystal Palace
56%
England FC Fulham
56%
Russland ZSKA Moskau
53%
Kroatien Dinamo Zagreb
45%
Russland Lokomotive Moskau
43%
Russland Dynamo Moskau
42%
Griechenland Panathinaikos Athen
42%
Zypern Apoel Nikosia
41%
Belgien RSC Anderlecht
37%
Spanien Rayo Vallecano
33%
England FC Brentford
28%
Schottland Heart of Midlothian
19%
Schottland Hibernian Edinburgh
19%
Israel Beitar Jerusalem
17%
Tschechien Bohemians Prag
17%
Tschechien Dukla Prag
14%
Belgien Union Saint-Gilloise
14%
Schweden Djurgardens IF
10%
Israel Hapoel Jerusalem
9%
Zypern Omonia Nikosia
9%
Russland Torpedo Moskau
8%
Norwegen Valerenga Oslo
7%
Schweden Hammarby IF
6%
Türkei Gençlerbirliği Ankara
4%
Kroatien Lokomotiva Zagreb
4%
Portugal Casa Pia AC
2%
Schweden IF Brommapojkarna
2%
Norwegen KFUM Oslo
2%
Keine übereinstimmenden Quizze gefunden
Verteilung der Resultate
Anzahl Personen mit jedem Resultat
Perzentil nach korrekt beantworteten Fragen
Ihre Resultats-Entwicklung
Sie haben dieses Quiz noch nicht gespielt